Schritte über Gremzen

Uloženo v:
Podrobná bibliografie
Hlavní autor: Heinsenberg, Werner
Médium: Kniha
Jazyk:Undetermined
Vydáno: München, Alemania R. Riper 1973
Témata:
Tagy: Přidat tag
Žádné tagy, Buďte první, kdo vytvoří štítek k tomuto záznamu!

MARC

LEADER 00000nam a2200000Ia 4500
008 170316s9999 xx 000 0 und d
090 |a 100 H-15s 
100 |a Heinsenberg, Werner 
245 |a Schritte über Gremzen 
260 |a München, Alemania 
260 |b R. Riper 
260 |c 1973 
300 |a 351 páginas 
650 |a FILOSOFÍA 
999 |c 16449  |d 16449 
040 |a cru BVZT 
942 |c 15 D  |h 100 H-15s  |2 z